|
|
|
|
| LEADER |
01351nam a22003257a 4500 |
| 001 |
41750 |
| 003 |
BD-DhAAL |
| 005 |
20230921123353.0 |
| 008 |
230921t2008 wb a|||| b||| 001 0 eng d |
| 020 |
|
|
|a 9783540792581
|
| 020 |
|
|
|a 9783540792598
|
| 040 |
|
|
|a BD-DhAAL
|d BD-DhAAL
|
| 082 |
|
|
|a 621.3678
|2 23
|
| 100 |
|
|
|a Shailesh Nayak, SisiZlatanova
|9 54604
|
| 245 |
|
|
|a Remote sensing and GIS technologies for monitoring and prediction of disasters /
|c editors Shailesh Nayak and Sisi Zlatanova.
|
| 260 |
|
|
|a Berlin :
|b Springer,
|c 2008.
|
| 300 |
|
|
|a ix, 270 pages :
|b illustrations, maps ;
|c 25 cm.
|
| 490 |
|
|
|a environmental science and engineering series
|
| 504 |
|
|
|a Includes bibliographical references and index.
|
| 526 |
|
|
|a PPDM, ARC.
|
| 541 |
|
|
|a Development book agency
|e 41750
|
| 650 |
|
|
|a Natural disasters.
|
| 650 |
|
|
|a Environmental monitoring
|x Remote sensing.
|9 55539
|
| 650 |
|
|
|a Environmental monitoring
|x Geographic information systems.
|9 55540
|
| 700 |
|
|
|a Nayak, Shailesh
|9 55542
|
| 700 |
|
|
|a Zlatanova, Sisi.
|9 55543
|
| 830 |
|
|
|a environmental science and engineering series
|9 55541
|
| 942 |
|
|
|2 ddc
|c BK
|
| 999 |
|
|
|c 45866
|d 45866
|
| 952 |
|
|
|0 0
|1 0
|2 ddc
|4 0
|6 621_367800000000000_REM
|7 0
|9 74317
|a BRACUL
|b BRACUL
|c GEN
|d 2023-09-05
|e Development Book Agency
|g 7500.00
|l 0
|o 621.3678 REM
|p 3010041750
|r 2023-09-05
|t 1
|v 7500.00
|w 2023-09-05
|y BK
|